| 000 | 00537nam a2200181Ia 4500 | ||
|---|---|---|---|
| 008 | 100917s9999 xx 000 0 und d | ||
| 082 | _b15336 | ||
| 100 | _aआपटे वासुदेव गोविंद | ||
| 245 | _aमराठ्यांचा दसरा | ||
| 260 |
_b--- _c1916 |
||
| 300 | _a109 | ||
| 365 | _b0 | ||
| 520 | _aइतिहास | ||
| 630 | _aमराठ्यांचा दसरा | ||
| 650 | _aइतिहास | ||
| 730 | _aमराठ्यांचा दसरा | ||
| 942 | _cBOOK | ||
| 999 |
_c620730 _d620727 |
||